• 首页
  • 本馆介绍
  • 公告通知
  • 最新文献
  • 馆藏检索
  • 电子资源
  • 读者导购
  • 参考咨询
  • 我的图书馆
  • 登录
  • 详细信息显示
  • 放入我的书架
  • 预约/预借图书
  • 作者相关作品
  • 分类相关作品
  • 丛书相关作品
  • 出版社相关作品

书目信息

  • 表格格式
  • 工作单格式
  • 卡片格式
题名:
准公民社区
    
 
作者: 石发勇 著
分册:  
出版信息: 北京   社会科学文献出版社  2013
页数: 280页
开本: 23cm
丛书名:
单 册:
中图分类: D669.3
科图分类:
主题词: 社区管理--研究--中国 , 社区管理
电子资源:
ISBN: 978-7-5097-4785-8
000 01422nam0 2200277 450
001 519
005 20140905101013.32
010    @a978-7-5097-4785-8@dCNY59.00
100    @a20130916d2013 em y0chiy50 ea
101 0  @achi
102    @aCN@b110000
105    @ay z 000yy
106    @ar
200 1  @a准公民社区@AZhun Gong Min She Qu@e国家、关系网络与城市基层治理@EGuo Jia、 Guan Xi Wang Luo Yu Cheng Shi Ji Ceng Zhi Li@dQuasi-civic community@estate, guanxi networks and local governance in urban China@f石发勇著@FShi Fa Yong Zhu@zeng
210    @a北京@c社会科学文献出版社@d2013
215    @a280页@d23cm
300    @a本书受财政部支持地方高校发展项目“城市公共安全与社会稳定科研基地”、教育部人文社会科学研究青年项目“基层治理改革、社区冲突与国家政权建设研究”的资助
330    @a本书基于在上海的一个长期跟踪调查,系统检视了政府机构、商业组织、社区组织和普通市民等社区建设主体的作用和相互关系,进而探索基层行政体系的正式制度变迁和传统的文化因素对社区政治的影响及其相互作用的结构,以揭示当前中国城市治理变迁的动力机制。
510 1  @aQuasi-civic community@estate, guanxi networks and local governance in urban China@zeng
517 1  @a国家、关系网络与城市基层治理@AGuo Jia、 Guan Xi Wang Luo Yu Cheng Shi Ji Ceng Zhi Li
606 0  @a社区管理@x研究@y中国
606 0  @a社区管理
690    @aD669.3@v5
701  0 @a石发勇@AShi Fa Yong@4著
801  0 @aCN@bTANGWEI@c20140603
905    @b0838174-76@dD669.3@e144@f3
    
    准公民社区:国家、关系网络与城市基层治理=Quasi-civic community:state, guanxi networks and local governance in urban China/石发勇著.-北京:社会科学文献出版社,2013
    280页;23cm
    本书受财政部支持地方高校发展项目“城市公共安全与社会稳定科研基地”、教育部人文社会科学研究青年项目“基层治理改革、社区冲突与国家政权建设研究”的资助
    
    ISBN 978-7-5097-4785-8:CNY59.00
    本书基于在上海的一个长期跟踪调查,系统检视了政府机构、商业组织、社区组织和普通市民等社区建设主体的作用和相互关系,进而探索基层行政体系的正式制度变迁和传统的文化因素对社区政治的影响及其相互作用的结构,以揭示当前中国城市治理变迁的动力机制。
●
相关链接 在E读中查询图书 在五车中查询图书 在当当中查询图书 在豆瓣中查询图书


正题名:准公民社区     索取号:D669.3/144         预约/预借

序号 登录号 条形码 馆藏地/架位号 状态 备注
1 0838174   208381749   第一样本阅览室/ [索取号:D669.3/144] 在馆    
2 0838175   208381758   密集书库-史法系/ [索取号:D669.3/144] 在馆    
3 0838176   208381767   第一借阅区/ [索取号:D669.3/144] 在馆    
唐山师范学院图书馆 欢迎您!
大连网信软件有限公司© 版权所有